| 000 | 01443naa a22003977a 4500 | ||
|---|---|---|---|
| 001 | BR8205533 | ||
| 003 | BR-BrBNA | ||
| 005 | 20250721143211.0 | ||
| 007 | ta | ||
| 008 | 250630b bl.|||m| |||| 00| 0 por d | ||
| 040 |
_aBR-BrBNA _bpor _cBiblioteca Nacional de Agricultura |
||
| 041 | _a(Pt) | ||
| 072 |
_aF23 _b/G514 |
||
| 090 | _aF23 BR8205533 | ||
| 100 | 1 | _aFernandes, P.E.C.A. | |
| 100 | 1 | _aMontes, M.L. | |
| 100 | 1 | _aBraz, E.R.C. | |
| 100 | 1 | _aMontes, A. de S.L. | |
| 100 | 1 | _aSilva, L.L. da | |
| 100 | 1 | _aOliveira, F.L.L. de | |
| 100 | 1 | _aGhignone, J.I. | |
| 100 | 1 | _aSiga Junior, O. | |
| 100 | 1 | _aCastro, H.E.F. de | |
| 245 | 1 | _aFolha SD.23 Brasilia 1 - Geologia [recurso natural, Brasil] | |
| 500 | _aFolha SD.23 Brasilia, Geologia, geomorfologia, pedologia, vegetacao e uso potencial da terra Rio de Janeiro, RJ (Brasil): 1982. p. 25-204 [25 illus.; 39 tables; Summaries (En, Pt); Bibliography p. 180-186 (274 ref.)] (BR8205533-AMS) | ||
| 773 | 0 |
_tFolha SD.23 Brasilia, Geologia, geomorfologia, pedologia, vegetacao e uso potencial da terra _wF23 BR8205533 _gRio de Janeiro, RJ (Brasil), 1982. p. 25-204 |
|
| 650 | _aGEOLOGIA | ||
| 650 | _aMAPA | ||
| 650 | _aROCHA | ||
| 650 | _aMINERAL | ||
| 650 | _aCLASSIFICACAO DO SOLO | ||
| 650 | _aBRASILIA | ||
| 490 |
_aLevantamento de Recursos Naturais - Projeto RADAMBRASIL (Brazil) _vv. 29 |
||
| 942 |
_cAMS _2AGRIS |
||
| 909 |
_a202506 _bLúcia _c55 _dLúcia Elande |
||
| 999 |
_c334310 _d334310 |
||